Dr. Vastagh Pál, JATE tanársegéd, megyei küldött hozzászólása
Elmentve itt :
| Szerző: | |
|---|---|
| Dokumentumtípus: | Cikk |
| Megjelent: |
1976-05-11
|
| Sorozat: | Délmagyarország
66 No. 110 |
| Kulcsszavak: | József Attila Tudományegyetem |
| Online Access: | http://dmarchiv.bibl.u-szeged.hu/117786 |
| LEADER | 00501nab a2200157 i 4500 | ||
|---|---|---|---|
| 001 | delm117786 | ||
| 005 | 20190506103159.0 | ||
| 008 | 190506s1976 hu o 0|| hun d | ||
| 040 | |a SZTE Délmagyarország Archívum |b hun | ||
| 041 | |a hun | ||
| 100 | 1 | |a Tandi Lajos | |
| 245 | 1 | 0 | |a Dr. Vastagh Pál, JATE tanársegéd, megyei küldött hozzászólása |h [elektronikus dokumentum] / |c Tandi Lajos |
| 260 | |c 1976-05-11 | ||
| 300 | |a 2 | ||
| 490 | 0 | |a Délmagyarország |v 66 No. 110 | |
| 695 | |a József Attila Tudományegyetem | ||